000 00493nam a22001697a 4500
999 _c40577
_d40577
003 OSt
005 20210105084934.0
008 191011b ||||| |||| 00| 0 eng d
020 _a9788182676398
040 _cddc
082 _a894.8129
_bMAT/P
100 _aMathew, Joy
_98113
245 _aPranayathinte Chathuranellikkakal /
_cJoy Mathew
260 _aKozhikode:
_bMathrubhumi Books,
_c2018.
300 _a208p
942 _2ddc
_cBK
_h894.8129
_iMAT/P
_k894.8129
_mMAT/P